Die Dollarprinzessin Operette in 3 Akten : Klavierauszug zu 2 Händen (mit beigefügtem Text) /

Hlavní autor: Fall, Leo, 1873-1925
Další autoři: Willner, Alfred Maria, 1859-1929, Grünbaum, Fritz, 1880-1941
Jazyk: Němčina
Vydáno: Wien : Karczag, 1907
Fyzický popis: 79 s.
Hudebniny Hudebniny
Uloženo v:
LEADER 00944ncm a22002292a 4500
001 000794392
003 CZ BrMZK
005 20120327071934.0
007 qu
008 051024s1907 au |||||r|||||||| ger d
040 |a BOA001  |b cze  |c BOA001 
072 7 |a 782  |x Divadelní hudba. Opera, opereta, muzikál  |2 Konspekt  |9 9 
100 1 |a Fall, Leo,  |d 1873-1925  |7 jn20010602371  |4 cmp 
245 1 4 |a Die Dollarprinzessin  |h [hudebnina] :  |b Operette in 3 Akten : Klavierauszug zu 2 Händen (mit beigefügtem Text) /  |c Leo Fall ; Text von A.M. Willner und Fritz Grünnbaum ; nach einem Lustspiele von Gatti-Trotha 
260 |a Wien :  |b Karczag,  |c 1907 
300 |a 79 s. 
700 1 |a Willner, Alfred Maria,  |d 1859-1929  |7 xx0025293  |4 lbt 
700 1 |a Grünbaum, Fritz,  |d 1880-1941  |7 jn20000602674  |4 lbt 
910 |a BOA001  |b Mus4-0361.761 
990 |a MU 
991 |b 200510 
996 6 |b 2619217748  |c Mus4-0361.761  |l MZK  |r Sklad / do 1 hodiny  |n 1  |w 000794392  |u 000010  |a 1  |e BOA001  |j MZK50  |s P